Statistics for The Cube SMP Season 2 Members Quiz

Click here to take the quiz!

General Stats

  • This quiz has been taken 12,432 times
  • The average score is 13 of 23

Answer Stats

HintAnswer% Correct
Everybody's favourite goofy Canadian robot!Graser10
99%
The Cube's lumberjack! One owner of Kastia!HBomb94
92%
One half of the Fruity Brothers and lives in Australia!StrauberryJam
90%
The other half of the Fruity Brothers! His channel is home to the Golden Grappels!Grapeapplesauce
88%
"Sting a like" on her videos!HeyImBee
85%
The cow who sells the cooked flesh of his fellow cows next to Will's shop!TheCampingRusher
74%
The frog who lives on a lily pad and has a villager vending-machine!KermitPlays
68%
His fans are called Minions and his owns a castle.DfieldMark
64%
Thought it would be a good idea to put one "g" in his name!PokeDiger1
63%
The Cookie Monster!MrMitch361
61%
Only streams his Cube Season 2 episodes!Parker_Games
61%
British builder! Shop build was burnt down by lightning!KiinqTonq
60%
Famous for being blow up by TNT in a desert temple during UHC is the first 2 minutes of the game!JWingWangWong
57%
One half of the Kiani ship and a builder!Bayani
52%
Inactive on The Cube due to college!DulJuice
48%
BLUE PERSUASION!TYBZI
40%
AHS Murder House Builder on the Cube!ChildDolphin
36%
Calls himself a "Cactus Lover" on his Twitter page!ThatOneTomahawk
36%
Owned the Glass Emporium on the Cube Season 2!Tofuugaming
32%
Player often associated with roses and lives in a tree trunk near the robot's Cube base!DevonDoesGames
24%
According to his Twitter, "Seafood is life"!Huahwi
24%
Met the goofy robot back in their Club Penguin days!PatClone
23%
Referred to a "Kenny G" by some members!FollowKevn
22%

Score Distribution

Percentile by Number Answered

Percent of People with Each Score

Your Score History

You have not taken this quiz